[Event "Goch op 24th"]
[Site "Goch"]
[Date "2013.09.06"]
[Round "3"]
[White "Boxberg, Oliver"]
[Black "Stuemer, Paul"]
[Result "1/2-1/2"]
[WhiteElo "1884"]
[BlackElo "2122"]
[PlyCount "42"]
[EventDate "2013.09.05"]
[EventType "swiss"]
[EventRounds "7"]
[EventCountry "GER"]
[SourceTitle "EXT 2015"]
[Source "ChessBase"]
[SourceDate "2014.11.20"]
[SourceVersion "1"]
[SourceVersionDate "2014.11.20"]
[SourceQuality "1"]

1. Nf3 c5 2. e4 Nc6 3. d4 cxd4 4. Nxd4 g6 5. c4 Bh6 6. Nc3 d6 7. Bxh6 Nxh6 8. Nxc6 bxc6 9. Qd4 0-0 10. Be2 Be6 11. 0-0 Rb8 12. b3 Qa5 13. Rfd1 Rfd8 14. Rac1 f6 15. Na4 Nf7 16. f4 c5 17. Qd2 Qxd2 18. Rxd2 Rdc8 19. Nc3 Nd8 20. Bf3 Nc6 21. Ne2 g5 1/2-1/2